| 000 | 00449nam a2200181Ia 4500 | ||
|---|---|---|---|
| 005 | 20240921120910.0 | ||
| 008 | 240921s9999||||xx |||||||||||||| ||und|| | ||
| 041 | _aENGLISH | ||
| 082 | _A006.6 M7 | ||
| 100 | _aVoisnet,Donald D | ||
| 245 | 0 | _aIntroduction to Computer-Aided Drafting | |
| 250 | _a1st | ||
| 260 |
_c1987 _bMGH,New Delhi |
||
| 500 | _aEditing and Facilition | ||
| 650 |
_aCAD _bComputer Science |
||
| 942 | _cBK | ||
| 999 |
_c247779 _d247779 |
||